Velázquez : 1599-1660 : historia de su vida, catálogo de su obra, estudio de la evolución de su técnica /

Furkejuvvon:
Bibliográfalaš dieđut
Váldodahkki: Velázquez, Diego (pintor)
Eará dahkkit: Gudiol, Josep (texto) (texto)
Materiálatiipa: Girji
Giella:espánnjágiella
Almmustuhtton: Barcelona, España : Polígrafa, 1973, c1973
Fáttát:
Fáddágilkorat: Lasit fáddágilkoriid
Eai fáddágilkorat, Lasit vuosttaš fáddágilkora!

MARC

LEADER 00000nam^a2200000^a^4500
001 000105291
005 20250521000000.0
009 20260310093455.2
020 |a 84-343-0182-2 
037 |a Acervo ITESO - Biblioteca 
041 |a ESP 
082 |a 759. 6  |b VEL GUD 
100 |a Velázquez, Diego  |e (pintor) 
245 1 0 |a Velázquez :  |b 1599-1660 : historia de su vida, catálogo de su obra, estudio de la evolución de su técnica /  |c Pintor D. Velázquez ; texto de J. Gudiol. 
264 4 |a Barcelona, España :  |b Polígrafa,  |c 1973, c1973 
300 |a 355 p. 
336 |a texto  |b txt  |2 rdacontenido 
337 |a sin mediación  |b n  |2 rdamedio 
338 |a volumen  |b nc  |2 rdasoporte 
545 0 |a Diego Velázquez (1599-1660) es considerado, por la mayoría de los críticos, el mejor pintor español de todos los tiempos y uno de los grandes de la pintura universal. La influencia de su manejo de la luz, el claroscuro y el color, es fundamental para la pintura posterior. Autor mundialmente reconocido por "Las meninas", hizo numerosa pintura de corte, pero también de tipos callejeros y escenas de la vida cotidiana. 
649 |a XX 
650 |a Pintores Españoles 
650 |a Artistas Españoles 
650 |a Pintura Barroca -  |x Historia y Crítica 
650 |a Pintura Española -  |x Historia y Crítica 
650 |a Arte Barroco -  |x Historia y Crítica 
650 |a Arte Español -  |x Historia y Crítica 
650 |a Velázquez, Diego -  |x Tema Principal 
700 |a Gudiol, Josep  |e (texto) 
910 |a Fondo Jesús Rodríguez 
920 |a Impresos - Libros 
930 |a Fondos Especiales 
905 |a 113 
901 |a 0800000212  |b IT2  |c ESP  |u 20250521 
902 |a https://opac.biblio.iteso.mx/vufind/Record/000105291